Pays océanique aléatoires par drapeau - Statistiques

Statistiques générales
  • Ce quiz a été pris 16 312 fois
    16 171 depuis la dernière actualisation
  • Le résultat moyen est 4 sur 6
Statistiques - réponses
Par images Réponse % Correct
Australie
93%
Nouvelle-Zélande
89%
Fidji
77%
Palaos
75%
Tonga
74%
Papouasie-Nouvelle- Guinée
72%
Micronésie
66%
Kiribati
63%
Nauru
60%
Samoa
60%
Îles Marshall
58%
Vanuatu
57%
Tuvalu
52%
Salomon
48%
Aucun quiz correspondant
Distribution des résultats
% des personnes avec chaque résultat
Percentile par nombre de réponses
Votre historique - résultats
Vous n’avez pas pris ce quiz depuis la dernière actualisation